000 00964nam a22003017a 4500
003 CHAP
005 20220817041416.0
008 971013s1967 r 00010 d
010 _a13633
011 _a14605
035 _a18679
040 _cCHAP
090 _aTesis
100 0 0 _aBecerra Martínez, Jorge.
_911142
245 _aOrganización de un campo experimental en bosques de coníferas
260 _aChapingo, Méx. :
_bEl autor,
_c1967
502 _aTesis (Ing. Agr. Esp. en Bosques) -- ENA. Departamento de Bosques
590 _aALEPH
_b10
_c20130110
_lUCH01
_h1233
590 _aBATCH-UPD
_b10
_c20130110
_lUCH01
_h1800
590 _aBATCH-UPD
_b10
_c20130410
_lUCH01
_h1136
590 _aBATCH-UPD
_b10
_c20130914
_lUCH01
_h0556
590 _aCONVERSION
_b10
_c20130109
_lUCH01
_h1309
650 1 4 _aConíferas.
650 1 4 _aEstaciones experimentales forestales.
_938195
901 _aBK
942 _cTESIS
949 _bBC
_cTES
_d-43505
_eTS1
_i18679
_si
999 _c13633
_d13633